01540nam a22003737a 4500003000500000005001700005008004100022010001000063011001000073035001000083040000900093090001000102100003900112245009200151260004000243300003900283502011700322590003700439590004100476590004100517590004100558590004100599590004200640650003400682650002900716700002900745901000700774942000900781949004300790949005500833999001700888952013300905952012801038CHAP20220329141023.0971013s1996 r 00010 d a61408 a62380 a66554 cCHAP aTesis00aAlvarado Rodríguez, Laura.94820 aSituación actual del mercado nacional e internacional de la papaya (Carica papaya L.) aChapingo, Méx. :bEl autor,c1996 a93 h.b: ilus. ; gráfs. ; anexos aTesis (Lic. en Comercio Internacional de Productos Agropecuarios) -- UACH. Departamento de Economía Agrícola aALEPHb10c20130110lUCH01h1342 aBATCH-UPDb10c20130110lUCH01h0658 aBATCH-UPDb10c20130110lUCH01h2343 aBATCH-UPDb10c20130410lUCH01h0343 aBATCH-UPDb10c20130914lUCH01h0255 aCONVERSIONb10c20130109lUCH01h133314aPapayaxExportación.98533714aPapayaxMercadeo.9853460 aArcos Roa, Hector.96842 aBK cFOLL bBCcTESd-151771eTS1h29871i66554si bBCcTESd33724000624227eTS2fc.2h29872i66554si c61408d61408 00102local4053708TESISaBCbBCcPA_TESISd2019-12-31fTESISl0p33724000624227r2019-12-31 00:00:00tc.2w2019-12-31yTESIS 00102local4051708TESISaBCbBCcPA_TESISd2019-12-31fTESISl0oTesisp-151771r2019-12-31 00:00:00w2019-12-31yTESIS